Pääkaupunkeja renkaassa maailmankartalla - Statistics

Yleistilastot
  • Tätä visaa on pelattu 406 kertaa
  • Keskiarvotulos 17 / 25
Vastaukset kartalla
Vastauksille on annettu kartalla punavihreä väri sen mukaan, kuinka moni on saanut sen oikein.
 
Vastaustilastot
Valtio Pääkaupunki % Oikein
Yhdysvallat Washington DC
95%
Kiina Peking
92%
Etelä-Korea Soul
90%
Australia Canberra
86%
Peru Lima
83%
Indonesia Jakarta
79%
Kuuba Havanna
77%
Uusi-Seelanti Wellington
76%
Pohjois-Korea Pjongjang
73%
Vietnam Hanoi
72%
Filippiinit Manila
72%
Taiwan Taipei
70%
Kolumbia Bogotá
69%
Panama Panama
69%
Singapore Singapore
69%
Venezuela Caracas
60%
Jamaika Kingston
57%
Ecuador Quito
57%
Laos Vientiane
52%
Bahama Nassau
51%
Haiti Port-au-Prince
48%
Kambodža Phnom Penh
45%
Itä-Timor Dili
44%
Dominikaaninen tasavalta Santo Domingo
43%
Brunei Bandar Seri Begawan
41%
Ehtoja vastaavia visoja ei löytynyt
Tulosjakauma
Jokaisen tuloksen saaneiden osuus
Persentiili vastausten määrän mukaan
Tuloshistoriasi
Et ole pelannut tätä visaa